000 00375 a2200157 4500
001 147585
040 _cEscola São Tomás de Aquino
100 _aMCDONALD, Megan
240 1 0 _aJudy Moody na universidade
_lpor
245 1 0 _aJudy Moody na universidade
300 _a158
362 0 _a2008
440 1 _aSalamandra
697 _a*LITERATURA INFANTO JUVENIL
942 _cBK
999 _c147585
_d147585